Μαρία Στούαρτ : τραγωδία
Saved in:
| Main Author: | |
|---|---|
| Other Authors: | |
| Format: | Book |
| Language: | Greek German |
| Published: |
Αθήνησι :
Τύποις Αδελφών Περρή,
1896.
|
| Subjects: | |
| Tags: |
Add Tag
No Tags, Be the first to tag this record!
|
MARC
| LEADER | 00000cam a2200000 i 4500 | ||
|---|---|---|---|
| 001 | 1/29309 | ||
| 008 | 130508s1896####gr | ||| |||| ||gre|| | ||
| 035 | |l 10114353 | ||
| 040 | |a GR-MyUA |b gre |e AACR2 | ||
| 041 | 1 | |a gre |h ger | |
| 082 | 0 | |a 832.6 |2 (22) | |
| 100 | 1 | |a Schiller, Friedrich, |d 1759-1805. | |
| 245 | 1 | 0 | |a Μαρία Στούαρτ : |b τραγωδία / |c Σχιλέρου ; μεταφρασθείσα εκ του γερμανικού υπό Ανδρέου Αναγνωστάκη. |
| 260 | |a Αθήνησι : |b Τύποις Αδελφών Περρή, |c 1896. | ||
| 300 | |a 270 σ. ; |c 18 εκ. | ||
| 500 | |a Στο verso υπάρχει ετικέτα "Πόνος και επιμέλεια του διευθυντού Τη Πορφυριάδι Σχολή 1898-1899. Στo recto υπάρχει σφραγίδα της Πορφυριάς Αστικής Σχολής Καρλοβασίων και σφραγίδα της Πορφυριάς Εμπορικής Σχολής Σάμου εν Καρλοβασίω με αρ. 1149. | ||
| 600 | 0 | 0 | |a Mary, |c Queen of Scots, |d 1542-1587 |x Drama. |
| 700 | 1 | |a Αναγνωστάκης, Ανδρέας, |e trl | |
| 852 | |a INST |b SAMOS |c PORFYRIADA |e 20130508 |h 832.6 SCH |p 005300040037 |q 005300040037 |t NOLOAN |y 23 | ||
| 901 | |a BIBL3-2013-2 | ||
| 909 | |a Σ |b 178243 | ||
| 970 | |a ΚΟΣΙΕΡΗΣ |b ΧΡΗΣΤΟΣ |z 2013-05-08 | ||